| 000 | 00714nam a2200193Ia 4500 | ||
|---|---|---|---|
| 008 | 140626s9999 xx 000 0 und d | ||
| 100 | _aEndres, M. | ||
| 245 |
_aExternalizing psychopathology and behavioral disinhibition : _bworking memory mediates signal discriminability and reinforcement moderates response bias in approach-avoidance learning / _cM. Endres ... [et al.]. |
||
| 260 | _cc2011. | ||
| 300 | _a120 : 2, page 336 | ||
| 440 | _aJournal of Abnormal Psychology | ||
| 521 | _aPSYCH | ||
| 650 | _aBehavioral disinhibition. | ||
| 650 | _aExternalizing psychopathology. | ||
| 650 | _aGo/no-go learning. | ||
| 650 | _aSignal detection theory. | ||
| 650 | _aWorking memory capacity. | ||
| 942 | _cSE | ||
| 999 |
_c121287 _d121287 |
||